000 00492nam a2200169Ia 4500
005 20250218142809.0
008 231217s9999 xx 000 0 und d
020 _a9780070611498
082 _a658.404 DUN;1 R
100 _aDun, Bradstreet.
245 0 _aFinancial risk management
260 _c2007
_bT M H
_aNew Delhi
300 _ax, 244
400 _aDun and Bradstreet Tata Mcgraw hill professional finance essentials series
650 _aFinancial,risk,management
942 _cAA
999 _c188821
_d188821